00943nam0a22002291 4500001001100000005001700011021001900028035002600047100004100073101000800114102000700122105001800129200022900147210003500376215002300411320005300434606010700487700006000594801001800654801002200672852001900694rc\355925420250610072417.0 aRUb[76-32873] a(NLR Aleph) 007796492 a20130115d1976 |||y0rusy50 ca0 arus aRU aa z |||||1 aЭффективность интенсификации горнопроходческих работ при строительстве шахтe(Вопросы теории и методологии)fП.В. Нагибин aМоскваcНедраd1976 a181 с.cил.d22 aСписок лит.: с. 178-179 (25 назв.) aШахтное строительствоxЭкономическая эффективность2psbo 1aНагибинbП.В.gПавел Васильевич 0aRUbNLRgpsbo 1aRUbELAR2rusmarc aNLRj76-5/3616